000 01264nam a22002657a 4500
005 20240530110559.0
008 160903s2012 ua g 000 0dara d
017 _a2012/9931
_bمصر . دار الكتب المصرية
020 _a9789772072644
040 _aEG-CaGPL
082 0 4 _221
_a935.25\
_bع د
100 0 _aعبدالرفيع حقيقت .
245 1 0 _aدور الايرانيين في تاريخ الحضارة العالمية :
_bلمحات و مقتطفات /
_cتاليف عبدالرفيع حقيقت ؛ ترجمة علاء عبدالعزيز السباعى ؛ مراجعة و تقديم محمد نورالدين عبدالمنعم .
250 _aط1.
260 _aالقاهرة :
_bالمركز القومى للترجمة ،
_c2012 .
300 _a539 ص ؛
_c24 سم .
490 0 _aالمشروع القومى للترجمة
_v1826
600 0 4 _aابو الريحان البيروني .
600 0 4 _aمحمد بن زكريا الرازي .
650 0 4 _aالطب
_xتاريخ
_zايران .
700 0 _aعلاء عبدالعزيز السباعى
_eمترجم .
700 0 _aمحمد نورالدين عبدالمنعم
_eمراجع و مقدم .
942 _2ddc
_cBK
999 _c62626
_d62626